Ωκεανογραφία
Αποθηκεύτηκε σε:
| Κύριος συγγραφέας: | |
|---|---|
| Μορφή: | Βιβλίο |
| Γλώσσα: | Greek |
| Δημοσίευση: |
Αθήνα :
Σταμούλης,
c2007.
|
| Θέματα: | |
| Ετικέτες: |
Προσθήκη ετικέτας
Δεν υπάρχουν, Καταχωρήστε ετικέτα πρώτοι!
|
MARC
| LEADER | 00000nam a2200000 i 4500 | ||
|---|---|---|---|
| 001 | 1/72649 | ||
| 008 | 080125s2007 gre d | ||
| 020 | |a 978-960-351-695-8 | ||
| 035 | |l 10094176 | ||
| 040 | |a GR-MY-UA |b gre |e aacr | ||
| 041 | 0 | |a gre | |
| 082 | 0 | |a 551.46 |2 (22) | |
| 100 | 1 | |a Σακελλαριάδου, Φανή Λ. | |
| 245 | 1 | 0 | |a Ωκεανογραφία / |c Φανή Λ. Σακελλαριάδου. |
| 260 | |a Αθήνα : |b Σταμούλης, |c c2007. | ||
| 300 | |a 354 σ. : |b εικ., πίν. ; |c 24 εκ. | ||
| 504 | |a Βιβλιογραφία: σ. 339-354. | ||
| 650 | 0 | 0 | |a Oceanography. |
| 852 | |a INST |b LESVOS |e 20080125 |h 551.46 ΣΑΚ |p 005100040467 |q 005100040467 |t BK |y 0 | ||
| 852 | |a INST |b LESVOS |c EUDOXUS |e 20140403 |h 551.46 ΣΑΚ |p 005100053945 |q 005100053945 |t EDX |y 0 | ||
| 852 | |a INST |b LESVOS |c EUDOXUS |e 20141217 |h 551.46 ΣΑΚ |p 005100055321 |q 005100055321 |t EDX |y 0 | ||
| 852 | |a INST |b LESVOS |c EUDOXUS |e 20150514 |h 551.46 ΣΑΚ |p 005100056574 |q 005100056574 |t EDX |y 0 | ||
| 852 | |a INST |b LESVOS |c EUDOXUS |e 20150514 |h 551.46 ΣΑΚ |p 005100056575 |q 005100056575 |t EDX |y 0 | ||
| 901 | |a BIBL1-2008-1 | ||
| 901 | |a BIBL1-2014-1 | ||
| 901 | |a BIBL1-2014-3 | ||
| 909 | |a Λ |b 142168 | ||
| 909 | |a Λ |b 186776 | ||
| 909 | |a Λ |b 191344 | ||
| 920 | |a ΕΥΔΟΞΟΣ |b ΕΠΙΣΤΡΟΦΗ |y ΛΕΣΒΟΣ |z 2014-04 | ||
| 920 | |a ΕΥΔΟΞΟΣ |b ΠΑΡΑΓΓΕΛΙΑ |y ΛΕΣΒΟΣ-ΤΕΘ |z 2014-11 | ||
| 920 | |a Εύδοξος |b Επιστροφή |y Λέσβος |z 2015-04 | ||
| 922 | |a 1ΕΛΗ |b 200711 |c ΕΠΕΑΕΚ2/ΤΠ |d Σ. ΠΑΤΑΚΗΣ | ||
| 970 | |a ΓΙΑΛΑΜΑ |b ΜΑΡΙΑ |z 2008/01/25 | ||